México: el país de los muertos sin nombre /
En este se aborda el tema del narcotráfico en México y algunas de las implicaciones que trae consigo, ya sea vinculada a la violencia, inseguridad o irrespeto de los derechos humanos. Planteándose cómo ejemplos los arrestos policiales de "capos" del narcotráfico, incremento de muertes y de...
Gorde:
| Egile nagusia: | |
|---|---|
| Formatua: | Texto |
| Gaiak: | |
| Etiketak: |
Etiketa erantsi
Etiketarik gabe, Izan zaitez lehena erregistro honi etiketa jartzen!
|
MARC
| LEADER | 00000 a a2200000 04500 | ||
|---|---|---|---|
| 001 | 44133 | ||
| 003 | |||
| 040 | |||
| 100 | |a Botello, Yaotzin | ||
| 245 | |a México: |b el país de los muertos sin nombre / |c Yaotzin Botello | ||
| 520 | |a En este se aborda el tema del narcotráfico en México y algunas de las implicaciones que trae consigo, ya sea vinculada a la violencia, inseguridad o irrespeto de los derechos humanos. Planteándose cómo ejemplos los arrestos policiales de "capos" del narcotráfico, incremento de muertes y desaparecidos, y propuestas para la legalización de las drogas. | ||
| 590 | |a SJB/NOVIEMBRE2012 | ||
| 650 | |a NARCOTRAFICO | ||
| 650 | |a CORRUPCION | ||
| 650 | |a VIOLENCIA | ||
| 650 | |a SEGURIDAD | ||
| 650 | |a DERECHOS HUMANOS | ||
| 650 | |a MEXICO | ||
| 773 | |g número237 (2012), páginas 179-187 | ||
| 999 | |c 23419 |d 23419 | ||
